Managerial economics in a global economy / (Record no. 3732)

000 -LEADER
fixed length control field 01343cam a2200301 a 4500
001 - CONTROL NUMBER
control field 3033034
003 - CONTROL NUMBER IDENTIFIER
control field Nust
005 - DATE AND TIME OF LATEST TRANSACTION
control field 20180117090012.0
008 - FIXED-LENGTH DATA ELEMENTS--GENERAL INFORMATION
fixed length control field 950413s1996 nyua b 001 0 eng
010 ## - LIBRARY OF CONGRESS CONTROL NUMBER
LC control number 95016947
020 ## - INTERNATIONAL STANDARD BOOK NUMBER
International Standard Book Number 0070571155
040 ## - CATALOGING SOURCE
Original cataloging agency DLC
Transcribing agency DLC
Modifying agency DLC
050 00 - LIBRARY OF CONGRESS CALL NUMBER
Classification number HD30.22
Item number .S247 1996
082 00 - DEWEY DECIMAL CLASSIFICATION NUMBER
Classification number 338.5/024658
Edition number 20
100 1# - MAIN ENTRY--PERSONAL NAME
Personal name Salvatore, Dominick.
245 10 - TITLE STATEMENT
Title Managerial economics in a global economy /
Statement of responsibility, etc. Dominick Salvatore.
250 ## - EDITION STATEMENT
Edition statement 3rd ed.
260 ## - PUBLICATION, DISTRIBUTION, ETC.
Place of publication, distribution, etc. New York :
Name of publisher, distributor, etc. McGraw-Hill,
Date of publication, distribution, etc. c1996.
300 ## - PHYSICAL DESCRIPTION
Extent xxx, iii, 723 p. :
Other physical details ill. (some col.) ;
Dimensions 24 cm.
504 ## - BIBLIOGRAPHY, ETC. NOTE
Bibliography, etc. note Includes bibliographical references and indexes.
650 #0 - SUBJECT ADDED ENTRY--TOPICAL TERM
Topical term or geographic name entry element Managerial economics.
906 ## - LOCAL DATA ELEMENT F, LDF (RLIN)
a 7
b cbc
c orignew
d 1
e ocip
f 19
g y-gencatlg
942 ## - ADDED ENTRY ELEMENTS (KOHA)
Source of classification or shelving scheme
Koha item type Book
Holdings
Withdrawn status Lost status Source of classification or shelving scheme Damaged status Not for loan Permanent Location Current Location Shelving location Date acquired Total Checkouts Total Renewals Full call number Barcode Date last seen Date last checked out Price effective from Koha item type Collection code
          Central Library (CL) Central Library (CL) General Stacks 11/29/2016 1 7 338.5/024658 SAL S3H-N-1130 05/02/2023 10/28/2020 11/29/2016 Book  
          Central Library (CL) Central Library (CL) General Stacks 02/23/2017 2 5 338.5/024658 SAL S3H-N-1129 05/12/2023 10/28/2020 02/23/2017 Book  
          Central Library (CL) Central Library (CL) General Stacks 02/23/2017 5 5 338.5/024658 SAL S3H-N-1128 05/03/2023 02/08/2022 02/23/2017 Book  
© 2023 Central Library, National University of Sciences and Technology. All Rights Reserved.